| 000 | 00917cac a22002895a 4500 | ||
|---|---|---|---|
| 005 | 20170911144743.0 | ||
| 008 | 150104t2006 enka frbd 001 0 eng d | ||
| 010 | _a013507093 | ||
| 020 | _a9780273693024 (pbk.) | ||
| 022 | _a0273693026 (pbk.) | ||
| 040 |
_beng _dEG-ScBUE |
||
| 082 | 0 | 4 |
_a332.1 _bCAS _222 |
| 100 | 1 | _aCasu, Barbara. | |
| 245 | 1 | 0 |
_aIntroduction to banking / _cBarbara Casu, Claudia Girardone, Philip Molyneux. |
| 260 |
_aHarlow : _bPrentice Hall Financial Times, _cc.2006. |
||
| 300 |
_axxxi, 526 p. : _bill. ; _c25 cm. |
||
| 500 | _aIndex : p. 509-526. | ||
| 500 | _aGlossary : p. 469-497. | ||
| 504 | _aIncludes bibliographical references. | ||
| 590 | _adoaa mohamed | ||
| 650 | 7 |
_aBanks and banking. _2BUEsh _95607 |
|
| 651 | _2BUEsh | ||
| 653 |
_bBUSECO _cSeptember2017 |
||
| 700 | 1 | _aGirardone, Claudia | |
| 700 | 1 |
_aMolyneux, Philip _932840 |
|
| 942 |
_k332.1 CAS _2ddc |
||
| 999 |
_c7704 _d7704 |
||